000 00552nam a2200205Ia 4500
003 OSt
005 20241230103725.0
008 210324s9999||||xx |||||||||||||| ||und||
040 _cSTCPL
041 _aHIN
082 _aH301
_bAMA-Z
100 _aAmarkant
_qअमरकांत
245 0 _aZindagi aur jhoka /
_cby Amarkant
_hजीन्दगी और जोक
260 _aAllahabad :
_bNaya Sahitya Prakashan ,
_c1964 .
300 _a143 p.
_bHB
650 _aHindi fiction
650 _aHindi stories
942 _cBK
942 _2ddc
_n0
999 _c17238
_d17238